Geografía (Record no. 181403)

MARC details
000 -LEADER
campo de control de longitud fija 00976nam a2200253 i 4500
001 - NÚMERO DE CONTROL
campo de control 181403
003 - IDENTIFICADOR DE NÚMERO DE CONTROL
campo de control ES-MaACL
005 - FECHA Y HORA DE LA ÚLTIMA TRANSACCIÓN
campo de control 20231010122642.0
008 - DATOS DE LONGITUD FIJA--INFORMACIÓN GENERAL
campo de control de longitud fija 130114s1996 sp | |||| ||spa d
020 ## - NÚMERO INTERNACIONAL ESTÁNDAR DEL LIBRO
Número Internacional Estándar del Libro 84-920546-4-6
080 ## - NÚMERO DE LA CLASIFICACIÓN DECIMAL UNIVERSAL
Número de la Clasificación Decimal Universal 821.134.2-32"19"
100 1# - ENTRADA PRINCIPAL--NOMBRE DE PERSONA
Nombre de persona Aub, Max,
Fechas asociadas al nombre 1903-1972
9 (RLIN) 23783
245 10 - MENCIÓN DEL TÍTULO
Título Geografía
Resto del título ; Prehistoria, 1928 /
Mención de responsabilidad, etc. Max Aub ; edición crítica, prefacio y notas de Ignacio Soldevilla Durante ; prólogo de Francisco José Tortajada Agustí.
260 ## - PUBLICACIÓN, DISTRIBUCIÓN, ETC.
Lugar de publicación, distribución, etc. Segorbe :
Nombre del editor, distribuidor, etc. Ayuntamiento de Segorbe,
Fecha de publicación, distribución, etc. [1996] (
Lugar de fabricación/manufactura Segorbe :
Fabricante Gráf. Samuel)
300 ## - DESCRIPCIÓN FÍSICA
Extensión 118 p. :
Otras características físicas il. ;
Dimensiones 18 cm.
490 1# - MENCIÓN DE SERIE
Mención de serie Biblioteca "Max Aub" ;
Designación de volumen o secuencia 4
700 1# - ENTRADA AGREGADA--NOMBRE PERSONAL
Nombre de persona Soldevilla Durante, Ignacio.
9 (RLIN) 107115
700 1# - ENTRADA AGREGADA--NOMBRE PERSONAL
Nombre de persona Tortajada Agustí, Francisco José.
9 (RLIN) 152046
740 00 - ENTRADA AGREGADA--TÍTULO RELACIONADO/ANALÍTICO NO CONTROLADO
Título relacionado o analítico no controlado Prehistoria, 1928.
830 0# - PUNTO DE ACCESO ADICIONAL DE SERIE-TÍTULO UNIFORME
Título uniforme Biblioteca "Max Aub" ;
Designación de volumen o secuencia 4
9 (RLIN) 191028
852 ## - LOCALIZACIÓN
Ubicación ES-MaACL
Número de control de estantería A-12415
itemnumber 188303
Sublocalización o colección R.147064
Ubicación en estantería Depósito 1
Signatura antigua Olim: N-5420
942 ## - ELEMENTOS DE ENTRADA SECUNDARIOS (KOHA)
Fuente del sistema de clasificación o colocación Clasificación decimal universal
Tipo de ítem Koha Libro impreso
Holdings
Estatus retirado Estado de pérdida Fuente del sistema de clasificación o colocación Estado de daño No para préstamo Biblioteca de origen Biblioteca actual Ubicación en estantería Fecha de adquisición Fuente de adquisición Total de préstamos Signatura topográfica completa Código de barras Visto por última vez Precio de reemplazo Tipo de ítem Koha
    Clasificación decimal universal     Biblioteca del Ateneo de Madrid Biblioteca del Ateneo de Madrid Depósito 1 14/01/2013 Compra   A-12415 1190644 23/02/2023 23/02/2023 Libro impreso